logo

Bir Sreshtho Munshi Abdur Rouf Library
Jhenaidah Cadet College

Past Tense / (Record no. 13514)

MARC details
000 -LEADER
fixed length control field 00615nam a2200241 a 4500
001 - CONTROL NUMBER
JCCL Control Number 13514
003 - CONTROL NUMBER IDENTIFIER
JCCL marc code BD-JhCC
005 - DATE AND TIME OF LATEST TRANSACTION
control field 20231119095142.0
008 - FIXED-LENGTH DATA ELEMENTS--GENERAL INFORMATION
fixed length control field 230624s2018 bg |||| |||| 000 0 eng d
020 ## - INTERNATIONAL STANDARD BOOK NUMBER
International Standard Book Number 9780857503626
035 ## - SYSTEM CONTROL NUMBER
system control number (BD-JhCC)13514
040 ## - CATALOGING SOURCE
Original cataloging agency BD-JhCC
Modifying agency BD-JhCC
041 ## - LANGUAGE CODE
Language code of Book english
082 ## - DEWEY DECIMAL CLASSIFICATION NUMBER
Classification number 813.54
Author mark and Year CHI 2018
100 ## - MAIN ENTRY--PERSONAL NAME
Personal name Child, Lee
245 ## - TITLE STATEMENT
Title Past Tense /
Statement of responsibility, etc Lee Child
260 ## - PUBLICATION, DISTRIBUTION, ETC. (IMPRINT)
Place of publication, distribution, etc London :
Name of publisher, distributor, etc Bantam Books;
Date of publication, distribution, etc 2018.
300 ## - PHYSICAL DESCRIPTION
Pagination 500 p. :
Dimensions 20 cm.
490 ## - SERIES STATEMENT
Series statement A Jack Reacher Thriller
650 ## - SUBJECT ADDED ENTRY--TOPICAL TERM
Topical term or geographic name as entry element Reacher, Jack (Fictitious character)
650 ## - SUBJECT ADDED ENTRY--TOPICAL TERM
Topical term or geographic name as entry element Thriller
942 ## - ADDED ENTRY ELEMENTS (KOHA)
Source of classification or shelving scheme Dewey Decimal Classification
Koha item type Books
Holdings
Source of classification or shelving scheme Damaged status Not for loan Home library Current library Shelving location Date of accession Cost, normal purchase price Total Checkouts Full call number Barcode Date last seen Date checked out Copy number Method of acquisition Koha item type Currency
Dewey Decimal Classification     JCC Rouf Library JCC Rouf Library General Stacks 11/19/2023 1438.00 4 813.54 CHI 2018 18509 10/03/2024 09/30/2024 C-1 Purchase Books BDT

JCC Library | Contacts | JCC Home

Last Update on 23 September 2017
Copyright @ 2017-2020 JCC Rouf Library
Rouf Library, Jhenidah Cadet College (JCC), Bangladesh